000 00315nam a22001097a 4500
008 160513b xxu||||| |||| 00| 0 eng d
020 _a0721672841
041 _aeng
080 _a611
245 _aGreen pediatric diagnosis interpretation of symptoms signs in children adolescents:
_cMorris Green MD;
942 _2udc
_cBK
999 _c2147
_d2147